| 000 | 00392nam a2200157Ia 4500 | ||
|---|---|---|---|
| 008 | 230312s9999||||xx |||||||||||||| ||und|| | ||
| 020 | _a969-8105-01-8 | ||
| 082 |
_a005.131 _bBHA-N |
||
| 100 | _aSaeed Akhtar | ||
| 245 | 0 | _aNumerical Analysis | |
| 260 |
_bShehryar _aLahore _c1996 |
||
| 300 | _a274 | ||
| 546 | _aEng. | ||
| 650 |
_aComputer _vErrors analysis, Finite differences |
||
| 942 | _cBK | ||
| 999 |
_c3213 _d3213 |
||